|
|
|
|
| LEADER |
01198nam a2200385 4500 |
| 001 |
DLU060052840 |
| 005 |
##20060516 |
| 008 |
##981102s1998 si a b 000 0 eng |
| 010 |
# |
# |
|a 98216411
|
| 020 |
# |
# |
|a 9810234589
|
| 035 |
# |
# |
|9 (DLC) 98216411
|
| 040 |
# |
# |
|a DLC
|c DLC
|
| 050 |
# |
# |
|a TA1637
|b .P353 1998
|
| 082 |
# |
# |
|a 621.367
|b Par
|
| 245 |
# |
# |
|a Parallel image analysis :
|b tools and models /
|c editors, S. Miguet, A. Montanvert, P.S.P. Wang.
|
| 260 |
# |
# |
|a Singapore ;
|a River Edge, NJ :
|b World Scientific,
|c c1998.
|
| 300 |
# |
# |
|a v, 134 p. :
|b ill. ;
|c 26 cm.
|
| 440 |
# |
# |
|a Series in machine perception and artificial intelligence ;
|v vol. 31
|
| 504 |
# |
# |
|a Includes bibliographical references.
|
| 650 |
# |
# |
|a Image analysis.
|
| 650 |
# |
# |
|a Image processing
|x Digital techniques.
|
| 650 |
# |
# |
|a Parallel processing (Electronic computers)
|
| 700 |
# |
# |
|a Miguet, Serge.
|
| 700 |
# |
# |
|a Montanvert, Annick.
|
| 700 |
# |
# |
|a Wang, Patrick S-P.
|q (Patrick Shen-pei)
|
| 923 |
# |
# |
|a 04/2006
|
| 992 |
# |
# |
|a 5.600
|
| 994 |
# |
# |
|a DLU
|
| 900 |
# |
# |
|a True
|
| 911 |
# |
# |
|a Đào Thị Thu Huyền
|
| 925 |
# |
# |
|a G
|
| 926 |
# |
# |
|a A
|
| 927 |
# |
# |
|a SH
|
| 980 |
# |
# |
|a Thư viện Trường Đại học Đà Lạt
|